Reglamento interior de la Academia Médico-Farmacéutica de Barcelona
Descripción Física:
20 p. ; 27 cm
MARC
| LEADER | 00000nam a2200000Ia 4500 | ||
|---|---|---|---|
| 001 | 19306 | ||
| 003 | BGR | ||
| 005 | 20260324180151.0 | ||
| 008 | 160829s1883 xx 000 0 cat d | ||
| 080 | |a 2368, exp. 7 | ||
| 110 | 2 | |9 70081 |a Academia Médico-Farmacéutica de Barcelona | |
| 245 | |a Reglamento interior de la Academia Médico-Farmacéutica de Barcelona | ||
| 260 | |a Barcelona : |b Establecimiento tipográfico de José Miret, |c 1883 | ||
| 300 | |a 20 p. ; |c 27 cm | ||
| 610 | 2 | 0 | |9 70081 |a Academia Médico-Farmacéutica de Barcelona |
| 901 | |a Arxiu | ||
| 942 | |n 1 |2 udc |c MON | ||
| 952 | |0 0 |1 0 |4 0 |6 2368_EXP_7 |7 1 |9 54484 |a Arxiu |b Arxiu |d 2016-12-01 |l 0 |o 2368, exp. 7 |p 19306 |r 2016-12-01 00:00:00 |w 2016-12-01 |y ARXIU | ||
| 999 | |c 58353 |d 58353 | ||